JetPunk Family Feud - Statistics

General Stats
  • This quiz has been taken 502 times
    488 since last reset
  • The average score is 24 of 50
Answer Stats
Hint Answer % Correct
Enemy of USA 4 China
94%
Asian Country 23 China
94%
Enemy of USA 18 Russia
91%
Holiday Celebration 35 Christmas
89%
Sport 33 Soccer
89%
Sport 7 Football
84%
Large City 12 New York
84%
Asian Country 11 Japan
82%
3 Letter Body Part 18 Eye
80%
Bodily Organ 29 Heart
79%
3 Letter Body Part 12 Arm
77%
Country in the EU 21 France
72%
Country in the EU 12 Germany
71%
3 Letter Body Part 6 Leg
70%
Enemy of USA 12 North Korea
70%
Holiday Celebration 3 Easter
67%
3 Letter Body Part 4 Ear
66%
Enemy of USA 8 Iran
63%
Bodily Organ 9 Liver
63%
Bodily Organ 9 Lung
63%
Large City 5 Tokyo
58%
3 Letter Body Part 4 Toe
57%
Large City 11 London
56%
Holiday Celebration 2 Halloween
53%
Country Starts With A 15 Argentina
52%
Country Starts With A 15 Albania
48%
Bodily Organ 5 Stomach
47%
Asian Country 4 Vietnam
46%
Country Starts With A 5 Algeria
42%
Asian Country 3 Thailand
40%
Enemy of USA 6 United States
38%
Country in the EU 8 Belgium
33%
Country Starts With A 10 Andorra
31%
Bodily Organ 5 Skin
31%
Country Starts With A 2 Azerbaijan
30%
Sport 2 Cricket
27%
Sport 2 Rugby
25%
Country in the EU 3 Ireland
24%
Large City 6 Moscow
24%
Uneveloped Nation 5 Niger
23%
Uneveloped Nation 10 Sudan
19%
Uneveloped Nation 8 Chad
17%
Asian Country 2 Israel
17%
Uneveloped Nation 10 Somalia
17%
Holiday Celebration 5 Hanukkah
10%
Large City 6 San Francisco
8%
Holiday Celebration 2 Kwanzaa
5%
Sport 3 Badminton
4%
Country in the EU 3 Croatia
4%
Uneveloped Nation 4 Moldova
2%
No matching quizzes found
Score Distribution
Percent of People with Each Score
Percentile by Number Answered
Your Score History
You have not taken this quiz since the last reset